Las tierras bajas del Pacífico colombiano (Registro nro. 1636)
[ vista simple ]
| 000 -CABECERA | |
|---|---|
| Longitud fija campo de control | 01131nam a2200289Ia 4500 |
| 005 - • FECHA Y HORA DE LA ÚLTIMA TRANSACCIÓN | |
| Fecha y hora de la última transacción | 20220316235634.0 |
| 008 - • CÓDIGOS DE INFORMACIÓN DE LONGITUD FIJA | |
| Códigos de información de longitud fija | 121119s2000 ck a gr 000 0 spa |
| 020 ## - • NÚMERO INTERNACIONAL NORMALIZADO PARA LIBROS | |
| Número Internacional Normalizado para Libros (ISBN) | 9589693067 |
| 041 1# - • CÓDIGO DE LENGUA | |
| Código de lengua del texto/banda sonora o título independiente | spa |
| 082 04 - • NÚMERO DE LA CLASIFICACIÓN DECIMAL DEWEY | |
| Número de clasificación (R) | 918.6151 |
| Número del ítem | W27t |
| 040 ## - FUENTE DE LA CATALOGACIÓN | |
| Centro catalogador de origen | CO-BoRNBP |
| Lengua de catalogación | spa |
| Normas de descripción | rda |
| Centro transcriptor | CO-BoRNBP |
| 100 1# - • PUNTO DE ACCESO PRINCIPAL-NOMBRE DE PERSONA | |
| Nombre de persona | West, Robert |
| Fechas asociadas al nombre | 1913- |
| 245 14 - • TITULO PROPIAMENTE DICHO | |
| Título | Las tierras bajas del Pacífico colombiano |
| Mención de responsabilidad, etc. | Robert West ; traducción de Claudia Leal |
| 250 ## - • MENCIÓN DE EDICIÓN | |
| Mención de edición | Primera edición |
| 264 ## - PRODUCCIÓN, PUBLICACIÓN , DISTRIBUCIÓN, FABRICACIÓN Y COPYRIGHT | |
| Lugar de producción, publicación, distribución, fabricación | Bogotá |
| Nombre del productor, editor, distribuidor, fabricante | Instituto Colombiano de Antropología e Historia |
| Fecha de de producción, publicación, distribución, fabricación o copyright | 2000 |
| 300 ## - • DESCRIPCIÓN FÍSICA | |
| Extensión | 301 páginas |
| Otras características físicas | ilustraciones |
| Dimensiones | 25 cm |
| 336 ## - TIPO DE CONTENIDO | |
| Término de tipo de contenido | texto |
| Código de tipo de contenido | txt |
| Fuente | rdacontent |
| 337 ## - TIPO DE MEDIO | |
| Nombre del tipo de medio | sin mediación |
| Código del tipo de medio | n |
| Fuente | rdamedia |
| 338 ## - TIPO DE SOPORTE | |
| Nombre del tipo de soporte | volumen |
| Código del tipo de soporte | nc |
| Fuente | rdacarrier |
| 504 ## - • NOTA DE BIBLIOGRAFÍA, ETC | |
| Nota de bibliografía, etc. | Incluye bibliografía |
| 534 ## - • Nota De Versión Original | |
| Título | The pacific lowlands of Colombia, a negroid area of the american tropics |
| 650 14 - • PUNTO DE ACCESO ADICIONAL DE MATERIA - TÉRMINO DE MATERIA | |
| Término de materia o nombre geográfico como elemento inicial | Culturas negras |
| Subdivisión de materia general | Colombia |
| Fuente del encabezamiento o término | LEMB |
| 651 #4 - • PUNTO DE ACCESO ADICIONAL DE MATERIA - NOMBRE GEOGRÁFICO | |
| Nombre geográfico | Costa Pacífica (Región, Colombia) |
| Subdivisión de materia general | Condiciones económicas |
| 651 #4 - • PUNTO DE ACCESO ADICIONAL DE MATERIA - NOMBRE GEOGRÁFICO | |
| Nombre geográfico | Costa Pacífica (Región, Colombia) |
| Subdivisión de materia general | Descripciones y viajes |
| -- | Vida social y costumbres |
| 700 1# - • PUNTO DE ACCESO ADICIONAL - NOMBRE DE PERSONA | |
| Nombre de persona | Leal, Claudia |
| Término indicativo de función | traductor |
| 942 ## - ENTRADA DE ELEMENTOS AGREGADOS (KOHA) | |
| Fuente de clasificaión o esquema | Dewey Decimal Classification |
| Koha [por defecto] tipo de item | LIbro |
| Perdido | Fuente de clasificación o esquema | Estado Físico | No para préstamo | Forma de adquisición | Localización permanente | Localización actual | Localización en estanterías | Fecha adquisición | Préstamos totales | Signatura completa | Código de barras | Fecha última consulta | Número de copia | Fecha del precio de reemplazo | Tipo de item de Koha | Número de registro |
|---|---|---|---|---|---|---|---|---|---|---|---|---|---|---|---|---|
| Dewey Decimal Classification | Colección General | Biblioteca Pública Dorado | Biblioteca Pública Dorado | General | 01/17/2023 | 918.6151 W27t | DOR00979 | 01/17/2023 | Ej.1 | 01/17/2023 | LIbro | |||||
| Dewey Decimal Classification | Colección General | Biblioteca Pública Fuentedeoro - Henry Llanos García | Biblioteca Pública Fuentedeoro - Henry Llanos García | General | 05/18/2023 | 918.6151 W27t | Fo00642 | 05/18/2023 | Ej.1 | 05/18/2023 | LIbro | |||||
| Dewey Decimal Classification | Colección General | Biblioteca Pública José Eustasio Rivera - San Martin | Biblioteca Pública José Eustasio Rivera - San Martin | General | 11/14/2023 | 918.6151 W27t | SM0002831 | 11/14/2023 | Ej.1 | 11/14/2023 | LIbro | |||||
| Dewey Decimal Classification | Colección General | Biblioteca Pública Lejanias | Biblioteca Pública Lejanias | General | 12/09/2025 | 918.6151 W27t | LEJ01544 | 12/09/2025 | Ej.1 | 12/09/2025 | LIbro | |||||
| Dewey Decimal Classification | Colección General | Biblioteca Pública Puerto Lleras | Biblioteca Pública Puerto Lleras | General | 01/17/2025 | 918.6151 W27t | PLL01733 | 01/17/2025 | Ej.1 | 01/17/2025 | LIbro | |||||
| Dewey Decimal Classification | Colección General | Biblioteca Pública San Carlos de Guaroa - Eduardo Carranza | Biblioteca Pública San Carlos de Guaroa - Eduardo Carranza | General | 07/02/2025 | 918.6151 W27t | SG03498 | 07/02/2025 | Ej.1 | 07/02/2025 | LIbro | |||||
| Dewey Decimal Classification | Colección General | Biblioteca Pública El Castillo - Alfonso Meneses | Biblioteca Pública El Castillo - Alfonso Meneses | General | 07/10/2023 | 918.6151 W27t | EC01035 | 07/10/2023 | Ej.1 | 07/10/2023 | LIbro | |||||
| Dewey Decimal Classification | Colección General | Biblioteca Pública Guamal | Biblioteca Pública Guamal | General | 04/17/2023 | 918.6151 W27t | GUA003176 | 04/17/2023 | Ej.1 | 04/17/2023 | LIbro | |||||
| Dewey Decimal Classification | Biblioteca Pública Vistahermosa | Biblioteca Pública Vistahermosa | 09/28/2024 | 918.6151 | VIST 0001450 | 09/28/2024 | Ej.1 | 09/28/2024 | LIbro | 918.6151W27t |